Guess the Singer by A - Statistics

General Stats
  • This quiz has been taken 76 times
    56 since last reset
  • The average score is 6 of 10
Answer Stats
Picture Answer % Correct
Adele
100%
Ariana Grande
98%
Amy Winehouse
80%
Adam Levine
77%
Alicia Keys
64%
Axl Rose
45%
Annie Lennox
39%
Ava Max
29%
Andre 3000
21%
Aloe Blacc
11%
No matching quizzes found
Score Distribution
Percent of People with Each Score
Percentile by Number Answered
Your Score History
You have not taken this quiz since the last reset